Normal view
MARC view
- MacDonald, C
Entry Personal Name
001 - CONTROL NUMBER
- control field: 42699
003 - CONTROL NUMBER IDENTIFIER
- control field: NUST
005 - DATE AND TIME OF LATEST TRANSACTION
- control field: 20210314132405.0
008 - FIXED-LENGTH DATA ELEMENTS
- fixed length control field: 210314|| aca||aabn | a|a d
040 ## - CATALOGING SOURCE
- Original cataloging agency: NUST
- Transcribing agency: NUST
100 ## - HEADING--PERSONAL NAME
- Personal name: MacDonald, C
670 ## - SOURCE DATA FOUND
- Source citation: Work cat.: (NUST): Banthia, N. 42696, Structural applications of fiber reinforced concrete /, c1999.
